00693nam a22002057a 4500003000900000005001700009007000300026008004100029040002500070082000700095110004200102245008100144260003600225300002000261650004300281650005500324650003900379700002500418710004400443DO-SdBNP20221107092445.0ta110301s2021 dr 000 0 spa d aDO-SdBNPbspacBNPHU 4222 aFederación Dominicana de Municipios00aPlan estratégico institucional :b2022-2026 /cpresentación Kelvin Cruz  aSanto Domingo :bFEDOMU,c2021. a76 p. :c23 cm. 4aGobierno localzRepública Dominicana 4aAdministración municipalzRepública Dominicana 4aMunicipioszRepública Dominicana1 aCruz, Kelvin,epres. aFederación Dominicana de Municipios.